000 00357nam a2200133Ia 4500
008 150201s2004 xx 000 0 und d
082 _a610.6
_bH04K
100 _aKUNDERS,GD
245 _aHOPITALS FACILITIES PLANNING AND MANAGEMENT
250 _a1ST
260 _bMCGRAWHILL
_aDELHI
_c2004
650 _aOTHER CLINICAL & NON CLINICAL BOOKS
942 _2ddc
_cBK
999 _c1097
_d1097